000
00274nam a22000977a 4500
005
20250901165252.0
008
210303b ||||| |||| 00| 0 eng d
050
_a
QC611
245
_a
Conductors and semiconductors
_c
HOLDEN, ALAN
942
_2
lcc
_h
QC611 .H65 1964
999
_c
1304
_d
1304